Papa louie quiz (random characters from all games - Statistics

General Stats
  • This quiz has been taken 215 times
  • The average score is 8 of 15
Answer Stats
Hint Answer % Correct
Fat Romano Gino
84%
Head Chef Papa louie
77%
Delivery Boy Roy
77%
Young lady romano Bruna
70%
Young man romano (likes strawberries) Carlo
67%
Fat surfer Kahuna
66%
Guy with brown cat Cooper
65%
Daredevil Boomer
59%
Fat old lady closer with cat Crystal
59%
Olga gets married to him in pastaria Edoardo
54%
Gondolier closer in pastaria Deano
49%
Fat African-American closer Rhonda
38%
Lady with purple dress Kayla
35%
Guy with purple shirt in cheeseria Brody
28%
Likes reese's PB cups in freezeria Hugo
11%
No matching quizzes found
Score Distribution
Percent of People with Each Score
Percentile by Number Answered
Your Score History
You have not taken this quiz